000 00645nam a2200217 4500
003 OSt
005 20240625023822.0
006 a
008 240625b |||||||| |||| 00| 0 eng d
020 _a9789712359903
040 _aDWCL-Main lib.
_cOC
082 _2Fifth edition
_aFil. 808.51 G977e 2011
100 _aGupit, Fortunato, Jr.
245 _aElements of public speaking /
250 _aFifth edition
260 _aManila :
_bRex Book Store, Inc. ,
_cc2011.
300 _axxxi,
_b313 p. ;
_c22 cm.
504 _aIncludes bibliographical references.
650 _a1. Public speaking.
942 _2ddc
_n0
_cBK - FIL
_eFifth edition
_kFil.
999 _c1284
_d1284